[Event "Yerevan ol (Men)"]
[Site "Yerevan"]
[Date "1996.??.??"]
[Round "7"]
[White "Aleksandrov, Aleksej"]
[Black "Leitao, Rafael"]
[Result "1/2-1/2"]
[WhiteElo "2550"]
[BlackElo "2475"]

1.d4 Nf6 2.c4 g6 3.Nc3 Bg7 4.e4 d6 5.Nf3 O-O 6.Be2 e5 7.d5 a5 8.Nd2 Na6 9.h4 c6
10.h5 Nc5 11.g4 Qb6 12.f3 Bd7 13.Nf1 cxd5 14.cxd5 Rfc8 15.Ne3 a4 16.Nc4 Qc7
17.Na3 b5 18.Naxb5 Qb6 19.Na3 Nfxe4 20.Nxe4 Nxe4 21.fxe4 Qb4+ 22.Kf2 Qxe4
23.Bf3 Qb4 24.hxg6 fxg6 25.Qe1 Rab8 26.Kg3 e4 27.Qxe4 Be5+ 28.Bf4 Qxe4 29.Bxe4 Bxb2
30.Bxd6 Rc3+ 31.Kf4 Re8 32.Rae1 Bxa3 33.Bxa3 Rxa3 34.d6 Kg7 35.Bb1 Rf8+ 36.Kg5 Raf3
37.Re7+ R8f7 38.Rxh7+ Kxh7 39.Bxg6+ Kg7 40.Bxf7 Rxf7 41.a3 Rxe7 42.dxe7 Kf7  1/2-1/2

[Event "Yerevan ol (Men)"]
[Site "Yerevan"]
[Date "1996.??.??"]
[Round "8"]
[White "Moldobaev, Emil"]
[Black "Pelikian, Jefferson"]
[Result "1/2-1/2"]
[WhiteElo "2490"]
[BlackElo "2370"]

1.Nf3 Nf6 2.c4 g6 3.Nc3 Bg7 4.e4 d6 5.d4 O-O 6.Be2 e5 7.Be3 Nbd7 8.O-O exd4
9.Nxd4 Nc5 10.f3 Re8 11.Qd2 a5 12.Rfe1 c6 13.Rad1 Qb6 14.Bf1 a4 15.Rb1 Nfd7
16.Bf2 Ne5 17.Nc2 Qa5 18.Red1 Be6 19.Ne3 Rad8 20.h3 Bh6 21.b4 axb3 22.axb3 Qc7
23.Qc2 Qe7 24.Ng4 Bxg4 25.hxg4 Ne6 26.Ne2 Ra8 27.Nd4 Nxd4 28.Rxd4 Ra3 29.Qd1 Ra2
30.Rxd6 Bf4 31.c5 Rxf2 32.Kxf2 Qh4+ 33.Ke2 Nxg4 34.Qe1 Bg3 35.Qb4 Bxd6 36.cxd6 Qf2+
37.Kd3 Ne5+ 38.Kc3 c5 39.Qxb7 Qd4+ 40.Kc2 Qf2+ 41.Kc3 Qd4+ 42.Kc2 c4 43.Rd1 Qf2+
44.Kc3 Qe3+ 45.Kb2 Qf2+ 46.Kc3 Qe3+ 47.Kb2  1/2-1/2

[Event "Yerevan ol (Men)"]
[Site "Yerevan"]
[Date "1996.??.??"]
[Round "8"]
[White "Ruzele, Darius"]
[Black "Sorin, Ariel"]
[Result "1/2-1/2"]
[WhiteElo "2520"]
[BlackElo "2485"]

1.d4 Nf6 2.c4 g6 3.Nc3 Bg7 4.e4 d6 5.Be2 O-O 6.Nf3 e5 7.O-O Nbd7 8.Qc2 c6
9.Rd1 Qe7 10.b4 exd4 11.Nxd4 Re8 12.Bg5 Nb6 13.Bh4 h6 14.f3 a5 15.b5 d5 16.bxc6 bxc6
17.cxd5 cxd5 18.Rab1 g5 19.Bf2 Nc4 20.Nxd5 Nxd5 21.Bxc4 Nf4 22.Bb5 Bd7 23.Bxd7 Qxd7
24.Nf5 Qc8 25.Qxc8 Raxc8 26.Nd6 Ne2+ 27.Kf1 Nc3 28.Nxe8 Rxe8 29.Be1 Nxb1
30.Rxb1 a4 31.Bg3 Bf8 32.Rb8 Re6 33.Bf2 Kg7 34.Bd4+ f6 35.Ke2 Rc6 36.Kd3 Be7
37.Rb7 Kf7 38.g3 Rc1 39.Bb2 Rf1 40.Bd4 Ke6 41.Ke3 Re1+ 42.Kf2 Rh1 43.Kg2 Rd1
44.Be3 Re1 45.Kf2 Rh1 46.Kg2 Re1 47.Kf2  1/2-1/2

[Event "Yerevan ol (Men)"]
[Site "Yerevan"]
[Date "1996.??.??"]
[Round "9"]
[White "Ricardi, Pablo"]
[Black "Apicella, Manuel"]
[Result "1/2-1/2"]
[WhiteElo "2535"]
[BlackElo "2560"]

1.d4 Nf6 2.c4 g6 3.Nc3 Bg7 4.e4 d6 5.Be2 O-O 6.Nf3 e5 7.O-O Na6 8.Be3 Ng4
9.Bg5 Qe8 10.h3 h6 11.Bc1 Nf6 12.dxe5 dxe5 13.Be3 Nh5 14.Re1 Nf4 15.Bf1 Ne6
16.a3 b6 17.b4 Bb7 18.Ra2 Rd8 19.Rd2 Rxd2 20.Qxd2 Kh7 21.Qc2 Nb8 22.c5 bxc5
23.Bb5 c6 24.Bf1 Nd4 25.Qa4 cxb4 26.axb4 a6 27.Rd1 Nb5 28.Qc2 f5 29.Na4 Bc8
30.Bc5 Rf6 31.Bd3 fxe4 32.Bxe4 Bf5 33.Re1 Nd7 34.Be3 Qf7 35.Nc5 Nxc5 36.Bxc5 Re6
37.Nh4 Bxe4 38.Qxe4 Nc3 39.Qc4 Nd5 40.Qxa6 e4 41.g3 Bc3 42.Rb1 Be5 43.Qc4 e3
44.Rf1 exf2+ 45.Rxf2 Rf6 46.Rxf6 Qxf6 47.Qg4 h5 48.Qd7+ Kh6 49.Kg2 Bd4 50.Bxd4 Qxd4
51.Qxc6 Qd2+ 52.Kh1 Qe1+ 53.Kh2 Qf2+ 54.Kh1 Qf1+ 55.Kh2 Qf2+ 56.Kh1 Qf1+  1/2-1/2

[Event "Yerevan op"]
[Site "Yerevan"]
[Date "1996.??.??"]
[Round "9"]
[White "Mchedlishvili, Mikheil"]
[Black "Matikozian, Andranik"]
[Result "1/2-1/2"]
[WhiteElo "2275"]
[BlackElo "2295"]

1.d4 Nf6 2.c4 g6 3.Nc3 Bg7 4.e4 O-O 5.Nf3 d6 6.Be2 e5 7.d5 a5 8.Be3 Ng4 9.Bg5 f6
10.Bd2 f5 11.O-O Nf6 12.Ng5 Qe7 13.exf5 gxf5 14.f4 e4 15.Be3 h6 16.Nh3 Na6
17.Qd2 Bd7 18.Nf2 Kh7  1/2-1/2

[Event "Yerevan ol (Men)"]
[Site "Yerevan"]
[Date "1996.??.??"]
[Round "9"]
[White "Cummings, David H"]
[Black "Yrjola, Jouni"]
[Result "1/2-1/2"]
[WhiteElo "2360"]
[BlackElo "2435"]

1.d4 Nf6 2.c4 g6 3.Nc3 Bg7 4.e4 d6 5.Nf3 O-O 6.Be2 e5 7.d5 Na6 8.Nd2 Bh6
9.Nb3 Bxc1 10.Qxc1 b6 11.O-O Nc5 12.Qe3 a5 13.f4 exf4 14.Qxf4 Nfd7 15.Nd4 Ne5
16.Nc6 Nxc6 17.dxc6 Be6 18.Rad1 f6 19.Nb5 Qe7 20.b3 Rae8 21.Bf3 Qg7 22.h3 Kh8
23.Rf2 Bg8 24.Nd4 Re5 25.Re2 Qe7 26.Rf2 Ne6 27.Qd2 Nxd4 28.Qxd4 Bf7 29.Bg4 Be8
30.Bd7 Bxd7 31.cxd7 Qxd7 32.Rf4 g5 33.Rf3 Qe7 34.Qf2 Kg7 35.h4 h6 36.hxg5 hxg5
37.Rh3 Qe6 38.Qf3 g4 39.Rg3 Rg5 40.Qf4 Rh8 41.Rd2 Re8 42.Rd5 Kg6 43.Rf5 Qxe4
44.Rxf6+ Kh5 45.Rxg4 Qxf4  1/2-1/2

[Event "Yerevan ol (Men)"]
[Site "Yerevan"]
[Date "1996.??.??"]
[Round "10"]
[White "Danner, Georg"]
[Black "Khakpoor, Abbas"]
[Result "1/2-1/2"]
[WhiteElo "2375"]
[BlackElo "2200"]

1.d4 Nf6 2.Nf3 g6 3.c4 Bg7 4.Nc3 O-O 5.e4 d6 6.Be2 e5 7.d5 a5 8.Bg5 Na6 9.Nd2 Nc5
10.b3 h6 11.Be3 Ne8 12.f3 f5 13.a3 Nf6 14.b4 axb4 15.axb4 Rxa1 16.Qxa1 Na6
17.Qa3 Nh5 18.g3 f4 19.Bf2 fxg3 20.hxg3 Bf6 21.c5 dxc5 22.bxc5 Be7 23.Nc4 Bf6
24.Ne3 Nb8 25.Qb3 Kh7 26.Ng4 Bg7 27.Nb5 Na6 28.O-O Bxg4 29.fxg4 Nf6 30.Nc3 Qc8
31.Rb1 Nxg4 32.Qxb7 Qxb7 33.Rxb7 Rxf2 34.Bxa6 Rc2 35.d6 cxd6 36.cxd6 Rxc3
37.d7 Rc1+ 38.Kg2 Rd1 39.Bc4 Rd2+ 40.Kg1 h5 41.Bd5 Nh2 42.d8=Q Nf3+  1/2-1/2

[Event "Yerevan ol (Women)"]
[Site "Yerevan"]
[Date "1996.??.??"]
[Round "10"]
[White "Makropoulou, Marina"]
[Black "Mai Thi Thanh Houng"]
[Result "0-1"]
[WhiteElo "2250"]
[BlackElo "2230"]

1.d4 Nf6 2.Nf3 g6 3.c4 Bg7 4.Nc3 d6 5.e4 O-O 6.Be2 e5 7.d5 a5 8.Bg5 h6 9.Bh4 Na6
10.Nd2 Qe8 11.a3 Bd7 12.O-O a4 13.Kh1 Nc5 14.Qc2 g5 15.Bg3 h5 16.f3 h4 17.Bf2 Nh5
18.b4 axb3 19.Nxb3 Nxb3 20.Qxb3 b6 21.Nb5 Qc8 22.Ra2 Nf4 23.g3 hxg3 24.hxg3 Bxb5
25.gxf4 Ba4 26.Qd3 Qh3+ 27.Kg1 gxf4 28.Rb1 f5 29.Bf1 Qh5 30.Be1 fxe4 31.Qxe4 Bd7
32.Rh2 Qxh2+ 33.Kxh2 Bf5 34.Qe2 Bxb1 35.Bb4 Bf5 36.Bh3 Bxh3 37.Kxh3 Rf5 38.Kg4 Rf6
39.Qc2 Kf7 40.Be1 Rg6+ 41.Kf5 Rf6+ 42.Kg4 Rg8 43.Bh4 Bf8+ 44.Kh3 Rh8 45.Qa4 Be7
46.Qd7 Rh7 47.Qxc7 Kg8 48.Qc8+ Rf8 49.Qe6+ Rff7 50.Qc8+ Kg7 51.Kg2 Bxh4  0-1

[Event "Yerevan ol (Women)"]
[Site "Yerevan"]
[Date "1996.??.??"]
[Round "10"]
[White "Olarasu, Gabriela"]
[Black "Arakhamia, Ketevan"]
[Result "1/2-1/2"]
[WhiteElo "2295"]
[BlackElo "2455"]

1.d4 Nf6 2.c4 g6 3.Nc3 Bg7 4.e4 d6 5.Nf3 O-O 6.Be2 e5 7.d5 a5 8.Bg5 h6 9.Bh4 Na6
10.Nd2 Qe8 11.O-O Bd7 12.b3 Nh7 13.f3 f5 14.a3 Bf6 15.Bf2 Bg5 16.Rb1 Nc5
17.Qc2 Nf6 18.b4 axb4 19.axb4 Na4 20.Nxa4 Bxa4 21.Nb3 Nh5 22.g3 Bd7 23.Bd3 Qc8
24.exf5 gxf5 25.Qe2 Ng7 26.Ra1 Rxa1 27.Rxa1 Re8 28.Qc2 c6 29.dxc6 Bxc6 30.Be2 e4
31.Nd4 Bf6 32.fxe4 Bxe4 33.Bd3 d5 34.c5 Ne6 35.Qc3 Ng5 36.Bxe4 fxe4 37.Be3 Nf3+
38.Kg2 Qg4 39.Rf1 Qg7 40.Rd1 Ne5 41.Nf5 Qg6 42.Nxh6+ Kh7 43.Rxd5 Nf7 44.Qb3 Nxh6
45.Rd7+ Re7 46.Qe6 Rxd7 47.Qxd7+ Qf7 48.Qxf7+ Nxf7 49.b5 Ne5 50.Bf4 Kg6 51.c6 bxc6
52.b6 c5 53.b7 Nc6 54.b8=Q Nxb8 55.Bxb8 c4 56.Kf2 c3 57.Ke2 Bg5 58.Kd1 e3
59.Be5 e2+ 60.Kxe2 c2 61.Bb2 c1=Q 62.Bxc1 Bxc1  1/2-1/2

[Event "Yerevan ol (Men)"]
[Site "Yerevan"]
[Date "1996.??.??"]
[Round "10"]
[White "Arlandi, Ennio"]
[Black "Wallace, John Paul"]
[Result "1-0"]
[WhiteElo "2445"]
[BlackElo "2365"]

1.d4 Nf6 2.c4 g6 3.Nc3 Bg7 4.e4 d6 5.Nf3 O-O 6.Be2 e5 7.O-O Nbd7 8.Re1 c6
9.Rb1 exd4 10.Nxd4 Re8 11.Bf1 Ng4 12.h3 Qb6 13.hxg4 Qxd4 14.Qc2 Nc5 15.Be3 Qe5
16.f3 a5 17.Rbd1 Qe7 18.g3 Be6 19.Ne2 f5 20.gxf5 gxf5 21.Bxc5 dxc5 22.exf5 Bf7
23.Kg2 Rad8 24.b3 Qe5 25.Qb1 h5 26.Rxd8 Rxd8 27.Nf4 Rd2+ 28.Re2 Rxe2+ 29.Bxe2 Bh6
30.Qe4 Bxf4 31.gxf4 Qg7+ 32.Kf1 Qg3 33.Qe5 Qh3+ 34.Kf2 Qh2+ 35.Ke1 Qg1+ 36.Bf1 h4
37.f6 Qd4 38.Qg5+ Kf8 39.Qxh4 Qe3+ 40.Be2 Qg1+ 41.Kd2 Qd4+ 42.Bd3 Qb2+ 43.Bc2 Qd4+
44.Ke2 Bxc4+ 45.bxc4 Qxc4+ 46.Bd3 Qxa2+ 47.Kf1 Qa1+ 48.Kg2 Qa2+ 49.Kg3 Qg8+
50.Qg5 b5 51.Bg6  1-0

[Event "Yerevan ol (Men)"]
[Site "Yerevan"]
[Date "1996.??.??"]
[Round "10"]
[White "Tisdall, Jonathan D"]
[Black "Nalbandian, Tigran"]
[Result "1-0"]
[WhiteElo "2515"]
[BlackElo "2490"]

1.Nf3 Nf6 2.c4 g6 3.Nc3 Bg7 4.e4 d6 5.d4 O-O 6.Be2 e5 7.O-O exd4 8.Nxd4 Re8
9.f3 c6 10.Bg5 Nbd7 11.Qd2 a5 12.Rfd1 a4 13.Rab1 Nc5 14.Nc2 Qa5 15.Bh4 Nh5
16.g4 Bxg4 17.fxg4 Nxe4 18.Nxe4 Rxe4 19.Qxa5 Rxa5 20.Bf3 Rf4 21.Rxd6 Be5
22.Rd8+ Kg7 23.Be1 Rc5 24.Be2 Re4 25.Bf3 Rf4 26.Bd1 Nf6 27.Bb4 Bc7 28.Bxc5 Bxd8
29.Bd4 Rxd4 30.Nxd4 Bb6 31.Kg2 Bxd4 32.h3 b5 33.cxb5 cxb5 34.Be2 b4 35.Bd1 b3
36.axb3 axb3 37.Bxb3 Ne4 38.Bd5 Nc5 39.b4 Na4 40.Rf1 f6 41.Rc1 h5 42.gxh5 gxh5
43.Rc7+ Kg6 44.Bf7+ Kh6 45.h4  1-0

[Event "Yerevan ol (Men)"]
[Site "Yerevan"]
[Date "1996.??.??"]
[Round "11"]
[White "Kozul, Zdenko"]
[Black "Strikovic, Aleksa"]
[Result "1-0"]
[WhiteElo "2605"]
[BlackElo "2550"]

1.d4 Nf6 2.c4 g6 3.Nc3 Bg7 4.e4 d6 5.Nf3 O-O 6.Be2 e5 7.O-O exd4 8.Nxd4 Re8
9.f3 c6 10.Kh1 Nbd7 11.Nc2 Nb6 12.Bg5 h6 13.Bh4 Be6 14.b3 g5 15.Bf2 d5 16.exd5 cxd5
17.c5 Nbd7 18.Rc1 a6 19.Na4 Rc8 20.Nd4 Ne5 21.Nb6 Rc7 22.b4 Nfd7 23.Nxd7 Bxd7
24.Bg3 Bc8 25.b5 Qe7 26.c6 bxc6 27.Nxc6 Qd6 28.Re1 axb5 29.Bxb5 Bd7 30.Nxe5 Rxc1
31.Qxc1 Bxb5 32.Nxf7 Qb4 33.Rxe8+ Bxe8 34.Nd6 Bg6 35.Qc8+ Kh7 36.h3 d4 37.Qd7 d3
38.Nf5 Qc3 39.Nxg7 Qxg7 40.Qd5 Qf7 41.Qa5 Qd7 42.Be1 Bf7 43.a3 Bd5 44.Kg1 Kg6
45.Bd2 Bc6 46.Qe5 Qd5 47.Qe3 h5 48.Kf2 Kf6 49.Bc3+ Kf7 50.Bb4 Kg6 51.Bd2 Kf6
52.Kg1 Bd7 53.a4 Bxa4 54.h4 Bd7 55.hxg5+ Kg6 56.Qf4 Qe6 57.Qf8 Be8 58.Kh2 Bf7
59.Qd8 Qe5+ 60.Kg1 Qc5+ 61.Kh1 Qf5 62.Qh8 Qe6 63.Qh6+ Kf5 64.Qg7 Qg6 65.Qd4 Ke6
66.f4 Qf5 67.Qd8 Bg6 68.Qc7 Qe4 69.Qc8+ Kd5 70.Kh2  1-0

[Event "Yerevan ol (Women)"]
[Site "Yerevan"]
[Date "1996.??.??"]
[Round "11"]
[White "Sheldon, Ruth"]
[Black "Arakhamia, Ketevan"]
[Result "1/2-1/2"]
[WhiteElo "2230"]
[BlackElo "2455"]

1.d4 Nf6 2.c4 g6 3.Nc3 Bg7 4.e4 d6 5.Be2 O-O 6.Nf3 e5 7.d5 a5 8.Bg5 h6 9.Bh4 Qe8
10.Nd2 Na6 11.O-O Nh7 12.a3 Bd7 13.b4 axb4 14.axb4 Nxb4 15.Qb3 Na6 16.Qxb7 Qc8
17.Rfb1 h5 18.f3 Nc5 19.Qxc8 Rfxc8 20.Rxa8 Rxa8 21.Nb3 Nxb3 22.Rxb3 Bh6 23.Bf2 Bd2
24.Nb1 Ra1 25.Bf1 Ba5 26.c5 dxc5 27.Bxc5 Nf6 28.Na3 Ne8 29.Nc4 f6 30.Rb8 Kf7
31.Rb7 Bc8 32.Ra7 Bc3 33.Rxa1 Bxa1 34.Kf2 Bd7 35.Ke3 f5 36.g3 fxe4 37.fxe4 Nf6
38.h3 Ba4 39.Bd3 Bd7 40.Bf1 Ba4 41.Nd2 Nd7 42.Bb4 Bd4+ 43.Kf3 Nb6 44.Be2 c6
45.dxc6 Bxc6 46.Nc4 Nxc4  1/2-1/2

[Event "Yerevan ol (Men)"]
[Site "Yerevan"]
[Date "1996.??.??"]
[Round "11"]
[White "Ruzele, Darius"]
[Black "Kazhgaleyev, Murtas"]
[Result "1/2-1/2"]
[WhiteElo "2520"]
[BlackElo "2525"]

1.d4 Nf6 2.c4 g6 3.Nc3 Bg7 4.e4 d6 5.Be2 O-O 6.Nf3 Na6 7.O-O e5 8.Be3 Ng4
9.Bg5 Qe8 10.dxe5 dxe5 11.Nd2 h6 12.Bh4 Nf6 13.Nd5 g5 14.Bg3 c6 15.Nxf6+ Bxf6
16.Bg4 Nc5 17.b4 Bxg4 18.Qxg4 Rd8 19.Nf3 Qd7 20.Qh5 Nxe4 21.Bxe5 Qf5 22.Bxf6 Qxf6
23.Rae1 Rfe8 24.Re3 Nc3 25.Rxe8+ Rxe8 26.h4 gxh4 27.Qg4+ Kh7 28.Qd7 Rd8 29.Qh3 Nxa2
30.Nxh4 Nxb4 31.Nf5 Nd3 32.f4 Nc5 33.Rf3 Ne4 34.Ne3 Rg8 35.Qd7 Qe6 36.Qxb7 Nd2
37.Rf2 Nxc4 38.f5 Qxe3 39.Qxf7+ Kh8 40.Qxc4 Rd8 41.Qc2 Rd4 42.Qxc6 Rd1+ 43.Kh2 Qxf2
44.Qe8+  1/2-1/2

[Event "Yerevan ol (Women)"]
[Site "Yerevan"]
[Date "1996.??.??"]
[Round "11"]
[White "Mira, Helene"]
[Black "Hagesaether, Nina"]
[Result "1-0"]
[WhiteElo "2185"]
[BlackElo "2090"]

1.d4 Nf6 2.c4 g6 3.Nc3 Bg7 4.e4 d6 5.Be2 O-O 6.Nf3 e5 7.d5 Ne8 8.Bg5 f6 9.Be3 f5
10.Bg5 Nf6 11.b4 h6 12.Bxf6 Qxf6 13.c5 Na6 14.cxd6 cxd6 15.Qb3 g5 16.Nd2 f4
17.h3 Nc7 18.a4 Ne8 19.a5 Qg6 20.f3 Bd7 21.Bb5 Bxb5 22.Nxb5 h5 23.Nc4 g4
24.hxg4 hxg4 25.O-O-O g3 26.Kb1 Rf7 27.Rh4 Qf6 28.Rdh1 Qd8 29.Rg4 Qd7 30.Nba3 Rc8
31.Rg6 Rf6 32.Rg5 Rf7 33.Rh6 Kf8 34.Rh1 Bf6 35.Rg6 Bg7 36.b5 Rf6 37.Rg5 Rh6
38.Rxh6 Bxh6 39.Rg6 Bg7 40.Qb4 Bf6 41.Rh6 Kg7 42.Rh1 Qc7 43.b6 axb6 44.axb6 Qc5
45.Qxc5 Rxc5 46.Kc2 Bd8 47.Kb3 Rc8 48.Nb5 Ra8 49.Nbxd6 Nxd6 50.Nxd6 Bxb6
51.Nf5+ Kg8 52.d6 Bd8 53.Kc4 Ra2 54.Kd5 Rxg2 55.Kxe5 Rh2 56.Rg1 Bb6 57.d7 Rd2
58.Ne7+ Kf7 59.Nd5 Bxg1 60.d8=Q Bd4+ 61.Kxf4 g2 62.Qe7+ Kg8 63.Qg5+ Kf7 64.e5  1-0

[Event "Yerevan ol (Men)"]
[Site "Yerevan"]
[Date "1996.??.??"]
[Round "11"]
[White "Jacimovic, Dragoljub"]
[Black "Barcenilla, Rogelio"]
[Result "0-1"]
[WhiteElo "2455"]
[BlackElo "2450"]

1.d4 Nf6 2.c4 g6 3.Nc3 Bg7 4.e4 d6 5.Nf3 O-O 6.Be2 e5 7.d5 a5 8.g3 Na6 9.Nh4 Ne8
10.O-O f5 11.exf5 gxf5 12.f4 e4 13.Be3 c6 14.dxc6 bxc6 15.Qd2 Be6 16.Rfd1 Rf7
17.Na4 Rb7 18.Rac1 c5 19.b3 Rd7 20.Nc3 Nf6 21.a3 Nb8 22.Nd5 Kh8 23.b4 axb4
24.axb4 Nc6 25.Rb1 Nd4 26.bxc5 dxc5 27.Nb6 Nf3+ 28.Nxf3 Rxd2 29.Rxd2 Qb8
30.Ng5 Bg8 31.Bxc5 h6 32.Nh3 Ra5 33.Be3 Qc7 34.Rbd1 Ra3 35.Bd4 e3 36.Rd3 Rxd3
37.Bxd3 Ng4 38.Bxg7+ Qxg7 39.Rb1 Qd4 40.Bxf5 e2+ 41.Kh1 Qd1+  0-1

[Event "Yerevan ol (Men)"]
[Site "Yerevan"]
[Date "1996.??.??"]
[Round "12"]
[White "Arlandi, Ennio"]
[Black "Damljanovic, Branko"]
[Result "0-1"]
[WhiteElo "2445"]
[BlackElo "2470"]

1.d4 Nf6 2.c4 g6 3.Nc3 Bg7 4.e4 d6 5.Nf3 O-O 6.Be2 e5 7.O-O c6 8.Re1 exd4
9.Nxd4 Re8 10.Bf1 Ng4 11.h3 Qb6 12.hxg4 Qxd4 13.Qe2 Qf6 14.f3 Nd7 15.Be3 Ne5
16.Rac1 Be6 17.b3 a6 18.Red1 Qe7 19.Qf2 c5 20.Qd2 Nc6 21.Ne2 Rad8 22.Bg5 Bf6
23.Bxf6 Qxf6 24.Rc3 Rd7 25.Rd3 Red8 26.Qf4 Qxf4 27.Nxf4 Kf8 28.g5 Ke7 29.g3 Rh8
30.Nd5+ Bxd5 31.exd5 Nd4 32.Bh3 Rdd8 33.b4 h6 34.bxc5 dxc5 35.gxh6 Rxh6 36.Bg2 b5
37.cxb5 axb5 38.f4 b4 39.Re1+ Kd6 40.Kf2 Ra8 41.Rd2 Rhh8 42.Rb1 Ra3 43.Rbb2 Rha8  0-1

[Event "Yerevan ol (Men)"]
[Site "Yerevan"]
[Date "1996.??.??"]
[Round "12"]
[White "Chaivichit, Suchart"]
[Black "Bischoff, Dieter"]
[Result "0-1"]
[WhiteElo "2330"]
[BlackElo "2195"]

1.d4 Nf6 2.c4 g6 3.Nc3 Bg7 4.e4 d6 5.Nf3 O-O 6.Be2 e5 7.dxe5 dxe5 8.Qxd8 Rxd8
9.Bg5 Na6 10.Nd5 Rd6 11.Nd2 c6 12.Ne7+ Kf8 13.Nxc8 Rxc8 14.Be3 Nd7 15.a3 f5
16.Nb3 c5 17.O-O Rb6 18.Bd1 Nf6 19.exf5 gxf5 20.f3 Kg8 21.Bc2 e4 22.Rab1 Re6
23.fxe4 fxe4 24.h3 b6 25.Nd2 Rce8 26.Rf5 Nd7 27.Rf4 Nf6 28.Re1 Nb8 29.g4 Nc6
30.Ba4 R8e7 31.g5 Nh5 32.Bxc6 Nxf4 33.Ba8 Bd4 34.Kh2 Bxe3  0-1

[Event "Yerevan ol (Men)"]
[Site "Yerevan"]
[Date "1996.??.??"]
[Round "12"]
[White "Kempinski, Robert"]
[Black "Jacimovic, Dragoljub"]
[Result "1/2-1/2"]
[WhiteElo "2510"]
[BlackElo "2455"]

1.d4 Nf6 2.c4 g6 3.Nc3 Bg7 4.e4 d6 5.Nf3 O-O 6.Be2 Na6 7.O-O e5 8.Re1 c6
9.Bf1 Nh5 10.Bg5 Bf6 11.Be3 Bg4 12.d5 c5 13.h3 Bxf3 14.Qxf3 Bg5 15.a3 Ng7
16.Bd3 Bxe3 17.fxe3 Nb8 18.Rf1 Nd7 19.Rab1 Qe7 20.Bc2 f6 21.b4 Rac8 22.Qe2 Rf7
23.Nb5 a6 24.Nc3 cxb4 25.Rxb4 Nc5 26.Rb6 Qc7 27.Rfb1 f5 28.exf5 Nxf5 29.Bxf5 Rxf5
30.Qg4 Rcf8 31.Ne4 Nxe4 32.Qxe4 Rf1+ 33.Kh2 Rxb1 34.Rxb1 Rf7 35.Qg4 Kg7 36.a4 Qc5
37.Rb3 h5 38.Qe4 Qa5 39.Qb1 Qxa4 40.c5 Qc4 41.cxd6 Qxd5 42.Rd3 Qe4 43.Kg1 Rd7
44.Qb3 b5 45.Rd1 Qc4 46.Qa3 Qc6 47.Kh1 Kh7 48.Qb4 Qc4 49.Qb2 Qe4 50.Qc3 Qb7
51.Qxe5 b4 52.e4 b3 53.Qb2 Qxe4 54.Qxb3 Qe5 55.Qb6 a5 56.Qc6 Qe6 57.Qa6 a4
58.Qa5 Kg7 59.Qc5 Kh7 60.Qb4 Qb3 61.Qd4 Qe6  1/2-1/2

[Event "Yerevan ol (Women)"]
[Site "Yerevan"]
[Date "1996.??.??"]
[Round "12"]
[White "Kunte, Mrunalini"]
[Black "Kachiani Gersinska, Ketino"]
[Result "0-1"]
[WhiteElo "2140"]
[BlackElo "2415"]

1.d4 Nf6 2.Nf3 g6 3.c4 Bg7 4.Nc3 O-O 5.e4 d6 6.Be2 e5 7.dxe5 dxe5 8.Qxd8 Rxd8
9.Nd5 Nxd5 10.cxd5 c6 11.Bc4 b5 12.Bb3 Bb7 13.Bg5 Rc8 14.Rd1 c5 15.O-O a5
16.a4 c4 17.Bc2 b4 18.b3 c3 19.h3 Ba6 20.Rfe1 Nd7 21.Nh2 f6 22.Be3 Bf8 23.f3 Kf7
24.Nf1 h5 25.g4 hxg4 26.hxg4 Bd6 27.Kg2 Rh8 28.Ng3 Rh7 29.Rh1 Rah8 30.Rxh7+ Rxh7
31.Rh1 Rxh1 32.Nxh1 Bc5 33.Bc1 Bd4 34.g5 Nc5 35.gxf6 Bd3 36.Bxd3 Nxd3 37.Bg5 c2  0-1

[Event "Yerevan ol (Men)"]
[Site "Yerevan"]
[Date "1996.??.??"]
[Round "12"]
[White "Psakhis, Lev"]
[Black "Svidler, Peter"]
[Result "1/2-1/2"]
[WhiteElo "2590"]
[BlackElo "2650"]

1.c4 g6 2.e4 Bg7 3.d4 d6 4.Nc3 Nf6 5.Be2 O-O 6.Nf3 e5 7.O-O Nbd7 8.Qc2 c6
9.Rd1 Qc7 10.Rb1 a6 11.dxe5 dxe5 12.b4 b5 13.a4 Bb7 14.axb5 axb5 15.c5 Rfd8
16.Bb2 Nf8 17.Rxd8 Rxd8 18.Rd1 Rxd1+ 19.Nxd1 Ne8 20.Qb1 Bc8 21.Nc3 f6 22.Nd2 Be6
23.Qd3  1/2-1/2

[Event "Yerevan ol (Men)"]
[Site "Yerevan"]
[Date "1996.??.??"]
[Round "12"]
[White "Kropff, Ricardo"]
[Black "Olsen, Heini"]
[Result "0-1"]
[WhiteElo "2250"]
[BlackElo "2315"]

1.d4 Nf6 2.c4 g6 3.Nc3 Bg7 4.e4 d6 5.Nf3 O-O 6.Be2 e5 7.d5 a5 8.Bg5 h6 9.Bh4 Na6
10.Nd2 Bd7 11.O-O Qe8 12.a3 a4 13.Nb5 c6 14.dxc6 bxc6 15.Nc3 Nc5 16.b4 axb3
17.Nxb3 Ncxe4 18.Nxe4 Nxe4 19.Bf3 Nc5 20.Nxc5 dxc5 21.Qd6 g5 22.Rad1 Rd8
23.Bg3 f5 24.h3 e4 25.Rfe1 Qf7 26.Qxc5 f4 27.Rxe4 Qf5 28.Qa7 fxg3 29.Re7 Rf7
30.Rxf7 Qxf7 31.Bxc6 gxf2+ 32.Qxf2 Qxf2+ 33.Kxf2 Rf8+ 34.Bf3 Bc6 35.Rd3 Bxf3
36.Rxf3 Rc8 37.a4 Rxc4 38.Ra3 Bb2 39.Ra2 Bd4+ 40.Kf3 Ba7 41.Ke2 Rd4 42.a5 Kf7
43.Rb2 Rd7 44.Kf3 Kf6 45.Rb5 Rd3+ 46.Ke2 Re3+ 47.Kf1 Re5 48.Rb7 Rxa5 49.Rc7 h5
50.Rc6+ Kf5 51.Rh6 h4 52.Rh7 Kf4 53.Rf7+ Kg3 54.Rg7 Be3  0-1

[Event "Yerevan ol (Men)"]
[Site "Yerevan"]
[Date "1996.??.??"]
[Round "13"]
[White "Timoshchenko, Gennadi A"]
[Black "Babula, Vlastimil"]
[Result "1/2-1/2"]
[WhiteElo "2530"]
[BlackElo "2545"]

1.Nf3 Nf6 2.c4 g6 3.Nc3 Bg7 4.e4 d6 5.d4 O-O 6.Be2 e5 7.Be3 Ng4 8.Bg5 f6
9.Bh4 Nc6 10.d5 Ne7 11.Nd2 Nh6 12.f3 c6 13.dxc6 bxc6 14.b4 Be6 15.Bf2 d5
16.cxd5 cxd5 17.Qb3 Bf7 18.Nxd5 Nxd5 19.exd5 Nf5 20.O-O Qxd5 21.Qxd5 Bxd5
22.Bc4 Bxc4 23.Nxc4 Rfc8 24.Na5  1/2-1/2

[Event "Yerevan ol (Men)"]
[Site "Yerevan"]
[Date "1996.??.??"]
[Round "13"]
[White "Moldobaev, Emil"]
[Black "Mamadshoev, Marat"]
[Result "1/2-1/2"]
[WhiteElo "2490"]
[BlackElo "2315"]

1.Nf3 Nf6 2.c4 g6 3.Nc3 Bg7 4.e4 d6 5.d4 O-O 6.Be2 e5 7.Be3 h6 8.dxe5 dxe5
9.O-O Nbd7 10.h3 c6 11.c5 Qe7 12.b4 Nh5 13.Bc4 Rd8 14.Qb3 Nf8 15.Rad1 Be6
16.b5 Nf4 17.bxc6 bxc6 18.Qa4 Bxc4 19.Qxc4 Qf6 20.Bxf4 exf4 21.e5 Qe7 22.Rd6 Bxe5
23.Re1 Bxd6 24.Rxe7 Bxe7 25.Qxf4 Ne6 26.Qxh6 Bxc5 27.Ne4 Be7 28.Ne5 Rd1+
29.Kh2 Re1 30.Nxc6 Bd8 31.Nxd8 Rxe4 32.Nc6 Nf8 33.f4 Rc8 34.Ne5 Re2 35.Ng4 Nh7
36.f5 gxf5 37.Ne3 Rc5 38.Qd6 Rb5 39.Qg3+ Kh8 40.Qf4 Rbb2 41.Qe5+ Kg8 42.Qg3+ Kh8
43.Nxf5 Rxg2+ 44.Qxg2 Rxg2+ 45.Kxg2  1/2-1/2

[Event "Yerevan ol (Men)"]
[Site "Yerevan"]
[Date "1996.??.??"]
[Round "13"]
[White "Teo Kok Cheng"]
[Black "Sakr, Nassim"]
[Result "1/2-1/2"]
[WhiteElo "2270"]
[BlackElo "2170"]

1.d4 Nf6 2.c4 g6 3.Nc3 Bg7 4.e4 d6 5.Nf3 O-O 6.Be2 e5 7.O-O Na6 8.Rb1 c6
9.b4 exd4 10.Nxd4 Nxb4 11.Rxb4 c5 12.Rb3 cxd4 13.Qxd4 Be6 14.Qd2 b6 15.Ba3 Rc8
16.Rd1 Bxc4 17.Bxc4 Rxc4 18.Qd3 Qc8 19.Bxd6 Re8 20.f3 a6 21.Nd5 Nxd5 22.Qxd5 b5
23.Rbd3 h5 24.h3 Qe6 25.Qb7 Qc8 26.Qd5 Qe6 27.Qb7 Qc8 28.Qd5  1/2-1/2

[Event "Yerevan ol (Women)"]
[Site "Yerevan"]
[Date "1996.??.??"]
[Round "13"]
[White "Olarasu, Gabriela"]
[Black "Dworakowska, Joanna"]
[Result "1/2-1/2"]
[WhiteElo "2295"]
[BlackElo "2295"]

1.d4 Nf6 2.c4 g6 3.Nc3 Bg7 4.e4 d6 5.Nf3 O-O 6.Be2 e5 7.d5 a5 8.Bg5 h6 9.Bh4 Na6
10.Nd2 Qe8 11.a3 Bd7 12.O-O Nh7 13.Kh1 h5 14.f3 Bh6 15.Qc2 f5 16.exf5 gxf5
17.Rab1 a4 18.Nb5 Kh8 19.b4 Rg8 20.Bf2 Nf6 21.Nc3 Qg6 22.Rg1 h4 23.g3 hxg3
24.hxg3 Raf8 25.Rg2 Rf7 26.Rh2 Rh7 27.Rg1 e4 28.Nf1 e3 29.Nxe3 Bxe3 30.Bxe3 Rxh2+
31.Kxh2 Qh7+ 32.Kg2 Rxg3+ 33.Kf1 Qh3+ 34.Ke1 Rxg1+ 35.Bxg1 Qh1 36.Kf2 f4
37.Bf1 Nh5 38.Ne4 Bf5 39.Qc3+ Kh7 40.Nf6+ Kg6 41.Nxh5 Qxh5 42.Qd4 Qh4+ 43.Ke2 Nb8
44.Bf2 Qh2 45.Kd2 Nd7 46.Bd3 Ne5 47.Bxf5+ Kxf5 48.Qe4+ Kg5 49.Ke2 b6 50.c5 bxc5
51.bxc5 Qg2 52.Kd1 Qh1+ 53.Ke2 Qg2 54.Kd1  1/2-1/2

[Event "Zadar op"]
[Site "Zadar"]
[Date "1996.??.??"]
[Round "?"]
[White "Gagarin, Vasilij"]
[Black "Ljubicic, Filip"]
[Result "1/2-1/2"]
[WhiteElo "2420"]
[BlackElo "2360"]

1.d4 Nf6 2.c4 g6 3.Nc3 Bg7 4.e4 d6 5.Nf3 O-O 6.Be2 Na6 7.O-O e5 8.Be3 Ng4
9.Bg5 f6 10.Bc1 exd4 11.Nxd4 f5 12.h3 Nh6 13.exf5 Nxf5 14.Nxf5 Bxf5 15.Qd5+ Kh8
16.Qxb7 Nc5 17.Qd5 Qh4 18.Be3 Rab8 19.Qd2 Ne4 20.Nxe4 Rxb2 21.Qd1 Qxe4 22.Bf3 Qxc4
23.Rc1 Qf7 24.Bd5 Qd7 25.g4 Be6 26.Bxe6 Qxe6 27.Rxc7 Rxa2 28.Bxa7 Rf7 29.Rxf7 Qxf7
30.Bd4 Qf4 31.Be3 Qe5 32.Qb3 Ra8 33.Rd1 h6 34.Bd4 Qe7 35.Qd3 Bxd4 36.Qxd4+ Kh7
37.Qxd6 Qxd6 38.Rxd6 Ra7 39.Kg2 Kg7 40.h4 Rb7 41.Kg3 Ra7 42.Rd5 Rb7 43.f3 Rf7
44.Kf2 Re7 45.f4 Kf6 46.Rd6+ Kg7 47.Kf3 Kh7 48.h5 gxh5 49.gxh5 Rg7 50.Ke4 Rg4
51.Rd7+ Kg8 52.Kf5 Rh4 53.Ra7 Kf8 54.Ke5 Rxh5+ 55.Kf6 Ke8 56.Ra8+ Kd7 57.f5 Rh2
58.Kf7 h5 59.Ra3 h4 60.Rd3+ Kc7 61.f6 h3  1/2-1/2

[Event "Zalakaros op"]
[Site "Zalakaros"]
[Date "1996.??.??"]
[Round "1"]
[White "Szollosi, Laszlo Jr"]
[Black "Medl, F."]
[Result "1/2-1/2"]
[WhiteElo "2225"]
[BlackElo "2060"]

1.d4 Nf6 2.c4 g6 3.Nc3 Bg7 4.e4 d6 5.Nf3 O-O 6.Be2 e5 7.dxe5 dxe5 8.Qxd8 Rxd8
9.Bg5 c6 10.Nxe5 Re8 11.f4 Nbd7 12.Nxd7 Nxd7 13.e5 Nc5 14.O-O Bf5 15.Rad1 a5
16.Bh4 Bf8 17.Rd2 h5 18.h3 Be7 19.Bxe7 Rxe7 20.Rfd1 Rae8 21.g4 hxg4 22.hxg4 Be6
23.g5 Kg7 24.Rd8 Bf5 25.Rxe8 Rxe8 26.Kf2 Rh8 27.Bf1 Rh2+ 28.Bg2 Bh3 29.Rg1 Nd3+
30.Ke3 Nxb2  1/2-1/2